000 00663nam a2200217Ii 4500
003 JO-AjNU
008 230605s9999||||xx |||||||||||||| ||und||
017 _a2006/12/3317
040 _aJO-AjNU
_bara
_erda
_cJO-AjNU
041 _aara
050 1 4 _aPJ7805.8.U25.I59 2004
100 3 _aتأليف عبده،خالد فوزي,
_eauthor
_911034
245 0 0 _aإليك يا نابلس ديوان شعر
250 _aط1
264 3 1 _aعمان:دار المأمون للنشر،2007
300 _a150ص
336 _atext
_btxt
_2rdacontent
337 _aunmediated
_bn
_2rdamedia
338 _avolume
_bnc
_2rdacarrier
650 4 _aالشعر العربي
_911035
999 _aA2114
_c5682
_d5682